Electronic circuits ; (Record no. 179162)
[ view plain ]
| 000 -LEADER | |
|---|---|
| fixed length control field | 01187 a2200217 4500 |
| 003 - CONTROL NUMBER IDENTIFIER | |
| control field | Nust |
| 005 - DATE AND TIME OF LATEST TRANSACTION | |
| control field | 20221125152421.0 |
| 010 ## - LIBRARY OF CONGRESS CONTROL NUMBER | |
| LC control number | 70171908 |
| 020 ## - INTERNATIONAL STANDARD BOOK NUMBER | |
| International Standard Book Number | 0023749105 |
| -- | 978-0023749100 |
| 040 ## - CATALOGING SOURCE | |
| Transcribing agency | Nust |
| 082 00 - DEWEY DECIMAL CLASSIFICATION NUMBER | |
| Classification number | 621.38132,MAL |
| 100 1# - MAIN ENTRY--PERSONAL NAME | |
| Personal name | Malik,Norbertr |
| 9 (RLIN) | 103639 |
| 245 10 - TITLE STATEMENT | |
| Title | Electronic circuits ; |
| Remainder of title | analysis Simulation and Design / |
| Statement of responsibility, etc. | Norbertr ,Malik |
| 260 ## - PUBLICATION, DISTRIBUTION, ETC. | |
| Place of publication, distribution, etc. | UK |
| -- | prentice-Hall Int |
| Name of publisher, distributor, etc. | John Wiley & Sons Australasia |
| Date of publication, distribution, etc. | 1995 |
| 300 ## - PHYSICAL DESCRIPTION | |
| Extent | xiii,1182 p. |
| Other physical details | illus. |
| Dimensions | 25 cm. |
| 505 ## - FORMATTED CONTENTS NOTE | |
| Formatted contents note | Modeling and Signal Processing Principles (Page-3), Operational Amplifier Circuits (Page-65), Semiconductors Pn juctions and Diode Circuits (Page-135), Bipolar Transistors (Page-230), Field-Effect Transistors (Page-307), Basic Circuits (Page-390), Transistor Amplifiers (Page-474), Frequency Response (Page-589), Feedback Circuits (Page-669), Power Circuits and Systems (Page-752), Analog Integrated Circuits (Page-820), Filters (Page-890), Digital Logic Circuits (Page-959), Digital Memory Interfacing and Timing Principles (Page-1028). |
| 650 #0 - SUBJECT ADDED ENTRY--TOPICAL TERM | |
| Topical term or geographic name entry element | Telecommunication engineering |
| 700 1# - ADDED ENTRY--PERSONAL NAME | |
| Personal name | Clark, John Ellery, |
| 9 (RLIN) | 103640 |
| 700 1# - ADDED ENTRY--PERSONAL NAME | |
| Personal name | Edwards, Paul L., |
| 9 (RLIN) | 103641 |
| 942 ## - ADDED ENTRY ELEMENTS (KOHA) | |
| Source of classification or shelving scheme | |
| Koha item type | Book |
| Withdrawn status | Lost status | Source of classification or shelving scheme | Damaged status | Not for loan | Permanent Location | Current Location | Shelving location | Date acquired | Full call number | Barcode | Date last seen | Price effective from | Koha item type | Public note |
|---|---|---|---|---|---|---|---|---|---|---|---|---|---|---|
| Military College of Signals (MCS) | Military College of Signals (MCS) | General Stacks | 12/12/2016 | 621.38132,MAL | MCS28731 | 12/08/2016 | 12/12/2016 | Book | Almirah No.32, Shelf No.4 |
